000 00566nam a2200193 a 4500
005 20210219150150.0
008 991125s1990 mx 000 0 spa u
020 _a9686199020
035 _aUPN01000008568
049 _aC
050 4 _aKGC4008 C5
_bC63 1990
110 1 _aMéxico (D.F.)
_t[Código de procedimientos civiles]
245 1 0 _aCódigo de procedimintos civiles para el Distrito Federal.
260 _aMéxico :
_bHarla,
_c1990.
300 _a233 p.
440 0 _aLeyes comentadas
650 4 _aPROCEDIMIENTOS CIVILES -
_zMEXICO (D.F.)
905 _aLibro
999 _c8568
_d8568